The Way That You Were | Sleep Token Lyrics - Statistics

General Stats
  • This quiz has been taken 4 times
  • The average score is 162 of 179
Answer Stats
Answer % Correct
a
100%
act
100%
and
100%
And
100%
anymore
100%
are
100%
barely
100%
believe
100%
break
100%
did
100%
don't
100%
enough
100%
feel,
100%
feel
100%
fingers
100%
How
100%
how
100%
hurt
100%
I
100%
I)
100%
it
100%
know
100%
like
100%
Like
100%
much
100%
no
100%
No
100%
no,
100%
not
100%
notice
100%
ready
100%
that
100%
The
100%
the
100%
they
100%
think
100%
to
100%
To
100%
too
100%
way
100%
We
100%
we
100%
were
100%
you
100%
you?
100%
You
100%
young
100%
your
100%
against
67%
am
67%
as
67%
bandage
67%
bear
67%
been
67%
between
67%
blue
67%
cannot
67%
collapsing
67%
Come
67%
control
67%
damage?
67%
dead
67%
far
67%
floor
67%
from
67%
have
67%
knife
67%
language
67%
longer
67%
look
67%
Lying
67%
me
67%
nothing
67%
off
67%
(oh,
67%
on,
67%
pain
67%
say
67%
should
67%
show
67%
sit
67%
smile
67%
so
67%
Stand
67%
take
67%
tear
67%
tired
67%
walls
67%
Wearing
67%
what
67%
will
67%
Will
67%
With
67%
would
67%
Would
67%
once
33%
No matching quizzes found
Score Distribution
Percent of People with Each Score
Percentile by Number Answered
Your Score History
You have not taken this quiz